000 01018nam a2200265 i 4500
001 187034
003 ES-MaACL
005 20250829062536.0
008 170403s1989 sp be |||| | spa d
022 _a0214-9745
080 _a94(460)"0414/1474"
245 0 0 _aHistoria medieval
_b: homenaje al profesor Eloy Benito Ruano.
260 _aMadrid :
_bUNED,
_c1989.
300 _a251 p. :
_bmapas, 1 plano ;
_c24 cm.
490 1 _aHistoria medieval ;
_v2
504 _aReferencias bibliográficas.
594 _aTít. tomado de cub.
595 _aN. homenaje a E. Benito Ruano de la revista Espacio, tiempo y forma: revista de la Facultad de Geografía e Historia de la UNED, serie III, t. 2, 1989.
600 1 4 _aBenito Ruano, Eloy-
_vHomenajes.
_927690
651 4 _aEspaña-
_xHistoria-
_y0414-1474, Edad media.
_98214
710 2 _aUniversidad Nacional de Educación a Distancia (España)
_97405
830 0 _aHistoria medieval ;
_v2
_9177825
852 _aES-MaACL
_jL-31355
999 _c187034
_d187034